| 000 | 00511nam a22001697a 4500 | ||
|---|---|---|---|
| 005 | 20251103114627.0 | ||
| 008 | 251103b |||||||| |||| 00| 0 eng d | ||
| 040 | _aMAIN | ||
| 082 |
_a621.381 _bA47T |
||
| 100 | _aAhlawat, Bhawna | ||
| 245 | _aTo design energy efficient routing scheme based on probabilistic clustering approach in IOT | ||
| 260 |
_bDepartment of UIET, M D University, Rohtak _c2024 |
||
| 300 | _axviii, 130 | ||
| 650 | _aElectronics Engineering | ||
| 700 | _aSangwan, Anil | ||
| 942 | _cTH | ||
| 999 |
_c393799 _d393799 |
||